000 01067nam a2200301Ia 4500
001 79651
003 IT-RoPAU
008 130308s9999 xx 000 0 und d
040 _aIT-RoPAU
040 _cIT-RoPAU
041 _aFRANCESE
100 _aWindisch Uli
100 _gCodice Aut. SPICS: 12999
245 _aK.-O. verbal (Le)-La communication conflictuelle
245 _bK.-O. Verbal (Le)-La Communication Conflictuelle
250 _a1a ed.
260 _aLAUSANNE
260 _bL'Age D'Homme
260 _c1987 [1° Ed.:1987 - Ed.Ling.Originale:1987]
300 _a"152 p. (prefazione: no ; testo: 152 [pagine: 0-0])"
500 _aComunicazione Conflittuale forme del Discorso Conflittuale Linguaggio Procedimenti Argomentativi conflitti Discorsivi e tipologie dei Discorsi Conflittuali Discorso Affettivo Conflittuale Discorso Ironico Conflittuale Discorso Didattico Conflittuale
650 _aPEDAGOGIA DELLA COMUNICAZIONE SOCIALE
650 _eCodice materia Spics: 3804
942 _cBK
957 _71
999 _c67320
_d67320
999 _bSI
999 _g1